| 000 | 00530nam a22001577a 4500 | ||
|---|---|---|---|
| 005 | 20251108165007.0 | ||
| 008 | 250721s1958 xx 000 0 ara d | ||
| 082 | 1 | 4 | _a923.6/عبد |
| 100 | 1 | _aطلس، محمد أسعد | |
| 245 | 1 | 0 | _aمحاضرات عن الشيخ عبد القادر المغربي / |
| 264 | 1 |
_aالقاهرة : _bمعهد الدراسات العربية العالية - جامعة الدول العربية، _c1958. |
|
| 300 | _a85ص | ||
| 650 | 1 | 7 | _aالتراجم |
| 942 |
_2ddc _cBK |
||
| 999 |
_c19328 _d19328 |
||